00708 2200265 4500001002100000005001500021035002000036007000300056008004100059020001800100082001000118084001600128100001500144245008400159250001100243260003000254300002800284650002200312700001500334700001900349700002200368700001700390700002100407990001400428INLIS00000000000009020170911102747 a0010-0917000076ta170911 0 ind  a979-3596-03-1 a200.1 a200.1 SAI m0 aSaidi Anas1 aMenekuk Agama,Membangun Tahta :bKebijakan Agama Orde Baru /cAnas Saidin (ed.) aCet. 1 aDepok :bDesantara,c2004 a366 hlm ;c14,5 x 21 cm aIslam dan Politik0 aAbdul Aziz0 aAbdul Munim Dz0 aAnom Surya Putera0 aHairus Salim0 aStefanus Djuweng a626203214